Guía para estudiantes de ciencias política
Đã lưu trong:
| Tác giả chính: | |
|---|---|
| Định dạng: | Sách |
| Ngôn ngữ: | Tiếng Tây Ban Nha |
| Được phát hành: |
Barcelona
Gedisa
2002
|
| Phiên bản: | 1a. ed |
| Loạt: | Biblioteca de Educación Herramientas Universitarias, 8
|
| Những chủ đề: | |
| Các nhãn: |
Thêm thẻ
Không có thẻ, Là người đầu tiên thẻ bản ghi này!
|
MARC
| LEADER | 00000nam a2200000 a 4500 | ||
|---|---|---|---|
| 001 | UCH0935 | ||
| 003 | CL-VaPUC | ||
| 008 | 090402e20020000SP |||||||||||||||||spa|d | ||
| 020 | |a 8474328616 | ||
| 082 | 0 | 4 | |a 378.17 |b VAN |2 21 |
| 100 | 0 | |a Van Evera, Stephen |e author |9 535315 | |
| 245 | 1 | 0 | |a Guía para estudiantes de ciencias política |
| 250 | |a 1a. ed | ||
| 300 | |a 156 p | ||
| 942 | |c BK | ||
| 945 | |d 20090402 00:00:00 |a rbrito | ||
| 260 | |a Barcelona |b Gedisa |c 2002 | ||
| 650 | 0 | |a Educación superior |9 223851 | |
| 650 | 0 | |a Ciencias Políticas |9 255201 | |
| 650 | 0 | |a Formación profesional |9 257232 | |
| 650 | 7 | |a TESIS |2 CL-VaPUC |9 257341 | |
| 583 | |a last modification |c 20140403 08:15:42 |k Rodrigo Vera | ||
| 490 | 0 | |a Biblioteca de Educación Herramientas Universitarias, 8 | |
| 999 | |c 333103 |d 333101 | ||
| 952 | |0 0 |1 0 |4 0 |6 378_170000000000000_VAN_2002 |7 0 |8 A |9 421276 |a BIBHIS |b BIBHIS |d 2019-11-22 |i 4529529 |o 378.17 VAN 2002 |p 4529529 |r 2025-01-20 |w 2019-11-22 |y BK |k HIS | ||
| 952 | |0 0 |1 0 |4 0 |6 378_170000000000000_VAN_2002 |7 0 |8 A |9 421277 |a BIBGIM |b BIBGIM |d 2019-11-22 |i 4542460 |o 378.17 VAN 2002 |p 4542460 |r 2025-01-15 |w 2019-11-22 |y BK |k SSL | ||